| LEADER |
00811nam0a2200193 450 |
| 001 |
16833278 |
| 010 |
|
|
|a 978-2-35289-314-1
|b cart.
|d 15
|
| 100 |
|
|
|a 20170222d2017 u u0frey01 ba
|
| 101 |
0 |
|
|a fre
|
| 102 |
|
|
|a FR
|
| 200 |
0 |
|
|a Comment tout a commencé
|f Liuna Virardi
|
| 207 |
|
1 |
|a
|
| 210 |
|
|
|a Nantes
|c MeMo
|d 2017
|
| 215 |
|
|
|a 1 vol. (56 p.)
|c illustrations en noir et en couleur
|d 23 cm
|
| 330 |
|
|
|a L'histoire de la vie sur Terre à travers plus de trois milliards d'années, de l'apparition des premiers organismes unicellulaires aux formes de vies complexes qui peuplent les eaux et les airs. Electre 2017
|
| 700 |
|
0 |
|a Virardi
|b Liuna
|4 70
|
| 900 |
|
|
|a Documentaire jeunesse
|
| 901 |
|
|
|a Accessible au prêt
|
| 995 |
|
|
|a BD 13
|b 156
|c Bibliothèque
|f 00156008705857
|h 00156008705857
|k E 570 VIR
|o p
|q j
|r az
|e BD 13
|